[Event "Lloyds Bank Masters 14th"]
[Site "London"]
[Date "1990.08.20"]
[Round "3"]
[White "Houston, David"]
[Black "Micalizzi, Giovanni"]
[Result "1-0"]
[WhiteElo "2225"]
[BlackElo "2205"]
[PlyCount "71"]
[EventDate "1990.08.18"]
[EventType "swiss"]
[EventRounds "10"]
[EventCountry "ENG"]
[SourceTitle "BritBase"]
[Source "John Saunders"]
[SourceDate "2023.05.21"]
[SourceVersion "1"]
[SourceVersionDate "2023.05.21"]
[SourceQuality "1"]

1. e4 c5 2. Nf3 Nc6 3. d4 cxd4 4. c3 dxc3 5. Nxc3 g6 6. Bc4 Bg7 7. O-O d6 8. a3
Nf6 9. h3 O-O 10. Qe2 Nd7 11. Bg5 h6 12. Be3 Nde5 13. Bd5 Nxf3+ 14. Qxf3 Kh7
15. Qe2 f5 16. exf5 gxf5 17. f4 e6 18. Ba2 d5 19. Bc5 Re8 20. Bf2 d4 21. Rad1
e5 22. fxe5 Rxe5 23. Qf3 Qe8 24. Nd5 Qf7 25. Nb4 Be6 26. Nxc6 bxc6 27. Bxe6
Qxe6 28. Bxd4 Re2 29. Bxg7 Kxg7 30. Qg3+ Kh7 31. Rd6 Qe3+ 32. Qxe3 Rxe3 33.
Rxf5 Rb8 34. Rf7+ Kg8 35. Rxa7 Re2 36. b4 {Source: David Houston via David
McAlister. Contributed, 22 July 2021} 1-0

[Event "Lloyds Bank Masters 14th"]
[Site "London"]
[Date "1990.08.20"]
[Round "3"]
[White "Janjgava, Lasha"]
[Black "Chandler, Murray G"]
[Result "0-1"]
[WhiteElo "2455"]
[BlackElo "2585"]
[PlyCount "64"]
[EventDate "1990.08.18"]
[EventType "swiss"]
[EventRounds "10"]
[EventCountry "ENG"]
[SourceTitle "BritBase"]
[Source "John Saunders"]
[SourceDate "2023.05.21"]
[SourceVersion "1"]
[SourceVersionDate "2023.05.21"]
[SourceQuality "1"]

1. d4 Nf6 2. c4 e6 3. Nf3 b6 4. g3 Ba6 5. b3 Bb4+ 6. Bd2 Be7 7. Bg2 c6 8. O-O
d5 9. Ne5 O-O 10. Bc3 Nfd7 11. Nxd7 Nxd7 12. Nd2 Rc8 13. e4 b5 14. Re1 dxe4 15.
Bxe4 bxc4 16. bxc4 c5 17. d5 exd5 18. Bxd5 Bf6 19. Rc1 Nb6 20. Ba5 Qd7 21. Bxb6
axb6 22. a4 h6 23. Qb3 Qc7 24. Ne4 Be5 25. Nc3 Bxc3 26. Rxc3 Rfe8 27. Rce3 Rxe3
28. Rxe3 Rd8 29. Rf3 Rd7 30. Qe3 Qd8 31. Qe4 Re7 32. Qf4 Qxd5 0-1

[Event "Lloyds Bank Masters 14th"]
[Site "London"]
[Date "1990.08.21"]
[Round "4"]
[White "Ansell, Simon T"]
[Black "Plaskett, H James"]
[Result "0-1"]
[WhiteElo "2230"]
[BlackElo "2445"]
[PlyCount "59"]
[EventDate "1990.08.18"]
[EventType "swiss"]
[EventRounds "10"]
[EventCountry "ENG"]
[SourceTitle "BritBase"]
[Source "John Saunders"]
[SourceDate "2023.05.21"]
[SourceVersion "1"]
[SourceVersionDate "2023.05.21"]
[SourceQuality "1"]

1. e4 c5 2. Nf3 e6 3. d4 cxd4 4. Nxd4 a6 5. Bd3 Qc7 6. O-O Nf6 7. c4 d6 8. Nc3
g6 9. Qe2 Bg7 10. Be3 O-O 11. Rac1 Nbd7 12. f4 Re8 13. Nb3 b6 14. g4 Bb7 15. g5
Nh5 16. Qf2 f5 17. exf5 Bxc3 18. fxg6 Qc6 19. gxh7+ Kh8 20. Qf3 Qxf3 21. Rxf3
Bxf3 22. Rxc3 Rf8 23. Nd4 Bg4 24. Be4 Rac8 25. Nc6 Nc5 26. Bd4+ e5 27. Bxc5
bxc5 28. fxe5 Nf4 29. Rb3 Bh3 30. Re3 0-1

[Event "Lloyds Bank Masters 14th"]
[Site "London"]
[Date "1990.08.21"]
[Round "4"]
[White "Barua, Dibyendu"]
[Black "Harari, Zaki"]
[Result "1-0"]
[WhiteElo "2490"]
[BlackElo "2270"]
[PlyCount "99"]
[EventDate "1990.08.18"]
[EventType "swiss"]
[EventRounds "10"]
[EventCountry "ENG"]
[SourceTitle "BritBase"]
[Source "John Saunders"]
[SourceDate "2023.05.21"]
[SourceVersion "1"]
[SourceVersionDate "2023.05.21"]
[SourceQuality "1"]

1. e4 e5 2. Nf3 f5 3. exf5 e4 4. Nd4 Nf6 5. d3 c5 6. Nb3 Qe7 7. d4 cxd4 8. Nxd4
Nc6 9. Nc3 Qe5 10. Be3 Bb4 11. Ndb5 a6 12. Bd4 Nxd4 13. Qxd4 Qxd4 14. Nxd4 d5
15. a3 Bxc3+ 16. bxc3 Bd7 17. a4 Rc8 18. Ra3 Ke7 19. Be2 Rc5 20. Kd2 Ne8 21.
Rb1 Nd6 22. Rb6 h5 23. Kc1 Rhc8 24. Kd2 Rf8 25. Ke1 h4 26. c4 dxc4 27. Rh3 Rh8
28. g4 c3 29. Re3 Rd5 30. Nb3 Rc8 31. f3 Bxa4 32. fxe4 Re5 33. Nd4 Bd7 34. Nf3
Ra5 35. e5 Ra1+ 36. Kf2 Nc4 37. Bxc4 Rxc4 38. Rxb7 Ke8 39. e6 Bb5 40. e7 Rc8
41. Nd4 Rf1+ 42. Kg2 Rd1 43. Nxb5 Rd2+ 44. Kh3 axb5 45. g5 Rd5 46. Kg4 h3 47.
Rxh3 Rc4+ 48. Kg3 Rd7 49. f6 gxf6 50. gxf6 1-0

[Event "Lloyds Bank Masters 14th"]
[Site "London"]
[Date "1990.08.21"]
[Round "4"]
[White "Bibby, Simon"]
[Black "Nielsen, Peter Heine"]
[Result "1-0"]
[WhiteElo "2280"]
[BlackElo "2330"]
[PlyCount "51"]
[EventDate "1990.08.18"]
[EventType "swiss"]
[EventRounds "10"]
[EventCountry "ENG"]
[SourceTitle "BritBase"]
[Source "John Saunders"]
[SourceDate "2023.05.21"]
[SourceVersion "1"]
[SourceVersionDate "2023.05.21"]
[SourceQuality "1"]

1. e4 d5 2. exd5 Nf6 3. c4 e6 4. dxe6 Bxe6 5. Nf3 Nc6 6. Be2 Bc5 7. O-O Qd7 8.
b4 Bd4 9. Nc3 O-O-O 10. Bb2 Nxb4 11. Nxd4 Qxd4 12. Qa4 Nc6 13. Rab1 a6 14. d3
Qa7 15. Kh1 Bg4 16. d4 Nxd4 17. Nb5 Nxb5 18. Bxf6 Bxe2 19. cxb5 gxf6 20. b6 Qa8
21. Qc2 c6 22. Qxe2 Rhe8 23. Qg4+ Re6 24. Rfe1 Rde8 25. Rbd1 h5 26. Rxe6 1-0

[Event "Lloyds Bank Masters 14th"]
[Site "London"]
[Date "1990.08.21"]
[Round "4"]
[White "Czerwonski, Aleksander"]
[Black "Conquest, Stuart C"]
[Result "0-1"]
[WhiteElo "2365"]
[BlackElo "2460"]
[PlyCount "72"]
[EventDate "1990.08.18"]
[EventType "swiss"]
[EventRounds "10"]
[EventCountry "ENG"]
[SourceTitle "BritBase"]
[Source "John Saunders"]
[SourceDate "2023.05.21"]
[SourceVersion "1"]
[SourceVersionDate "2023.05.21"]
[SourceQuality "1"]

1. d4 Nf6 2. c4 e6 3. Nf3 d5 4. Nc3 Bb4 5. Bg5 Nbd7 6. e3 c5 7. cxd5 exd5 8.
Bd3 Qa5 9. O-O Bxc3 10. bxc3 c4 11. Bf5 Ne4 12. Qc2 Ndf6 13. Bxc8 Rxc8 14. Bxf6
Nxf6 15. Nd2 O-O 16. f3 b5 17. Rab1 Rb8 18. Rb4 Rfe8 19. e4 Qc7 20. Qb1 Qf4 21.
Rf2 dxe4 22. fxe4 Qe3 23. Rxb5 Rbc8 24. h3 Rxe4 25. Nf1 Qd3 26. Qb4 Ree8 27.
Re5 h6 28. Rd2 Qg6 29. Rxe8+ Nxe8 30. Qb7 Nd6 31. Qa6 Re8 32. Qxa7 Kh7 33. Kh2
Re1 34. Ng3 Qg5 35. Re2 Nf5 36. Ne4 Qf4+ 0-1

[Event "Lloyds Bank Masters 14th"]
[Site "London"]
[Date "1990.08.21"]
[Round "4"]
[White "Ernst, Thomas"]
[Black "Knott, Simon JB"]
[Result "1-0"]
[WhiteElo "2440"]
[BlackElo "2345"]
[PlyCount "69"]
[EventDate "1990.08.18"]
[EventType "swiss"]
[EventRounds "10"]
[EventCountry "ENG"]
[SourceTitle "BritBase"]
[Source "John Saunders"]
[SourceDate "2023.05.21"]
[SourceVersion "1"]
[SourceVersionDate "2023.05.21"]
[SourceQuality "1"]

1. e4 e6 2. d4 d5 3. Nc3 Bb4 4. e5 c5 5. a3 Bxc3+ 6. bxc3 Ne7 7. Qg4 Qc7 8.
Qxg7 Rg8 9. Qxh7 cxd4 10. Ne2 Nbc6 11. f4 Bd7 12. Qd3 dxc3 13. Nxc3 Na5 14. Nb5
Bxb5 15. Qxb5+ Nec6 16. Be3 O-O-O 17. Kf2 d4 18. Bd2 Rd5 19. Qd3 Rc5 20. Qh7
Rd8 21. Bd3 a6 22. Bb4 Rcd5 23. Bd6 R5xd6 24. exd6 Qxd6 25. g3 e5 26. Qxf7 Rf8
27. Qg6 Qc5 28. Rhe1 Kb8 29. Kg1 Ka7 30. f5 Nc4 31. f6 Ne3 32. Rab1 Qd6 33. Qg7
Rb8 34. f7 Qd5 35. Rxe3 1-0

[Event "Lloyds Bank Masters 14th"]
[Site "London"]
[Date "1990.08.21"]
[Round "4"]
[White "Hanreck, Alan E"]
[Black "Gallagher, Joseph G"]
[Result "0-1"]
[WhiteElo "2270"]
[BlackElo "2495"]
[PlyCount "93"]
[EventDate "1990.08.18"]
[EventType "swiss"]
[EventRounds "10"]
[EventCountry "ENG"]
[SourceTitle "BritBase"]
[Source "John Saunders"]
[SourceDate "2023.05.21"]
[SourceVersion "1"]
[SourceVersionDate "2023.05.21"]
[SourceQuality "1"]

1. d4 Nf6 2. Nf3 g6 3. Bf4 Bg7 4. e3 d6 5. h3 O-O 6. Be2 Nbd7 7. O-O b6 8. c4
Bb7 9. Nc3 Re8 10. d5 e5 11. dxe6 fxe6 12. Qc2 Rf8 13. Rad1 Qe7 14. b4 a6 15.
Bg5 Qf7 16. Nd2 Kh8 17. f4 Rae8 18. Bf3 Bxf3 19. Nxf3 Nh5 20. Ne2 Ra8 21. g4
Nhf6 22. e4 e5 23. f5 gxf5 24. exf5 a5 25. b5 Rg8 26. Be3 e4 27. Ng5 Qe7 28.
Nd4 Bh6 29. Nde6 Ne5 30. Qc3 Nfxg4 31. hxg4 Bxg5 32. Nxg5 Rxg5 33. Bxg5 Qxg5
34. Rd2 Rg8 35. Rg2 Qf6 36. Qh3 Rg7 37. Qh5 h6 38. Kh1 Kh7 39. Re1 Nf3 40. Rf1
Rg5 41. Qh3 Qd4 42. Rxf3 Qd1+ 43. Kh2 Qxf3 44. Qh4 Qf4+ 45. Kh3 h5 46. f6 Qf3+
47. Kh2 0-1

[Event "Lloyds Bank Masters 14th"]
[Site "London"]
[Date "1990.08.21"]
[Round "4"]
[White "Hassabis, Demis"]
[Black "Janjgava, Lasha"]
[Result "1/2-1/2"]
[WhiteElo "2285"]
[BlackElo "2470"]
[PlyCount "51"]
[EventDate "1990.08.18"]
[EventType "swiss"]
[EventRounds "10"]
[EventCountry "ENG"]
[SourceTitle "BritBase"]
[Source "John Saunders"]
[SourceDate "2023.05.21"]
[SourceVersion "1"]
[SourceVersionDate "2023.05.21"]
[SourceQuality "1"]

1. e4 c5 2. Nf3 d6 3. d4 cxd4 4. Nxd4 Nf6 5. Nc3 Nc6 6. Be2 e5 7. Nf3 h6 8. O-O
Be7 9. Re1 O-O 10. h3 Be6 11. Bf1 Nb8 12. a4 Nbd7 13. a5 a6 14. Nd5 Nxd5 15.
exd5 Bf5 16. b4 b5 17. axb6 Qxb6 18. c3 a5 19. Be3 Qc7 20. Qa4 Be4 21. Bb5 Bxf3
22. gxf3 Nb6 23. Bxb6 Qxb6 24. bxa5 Qc5 25. Qc4 Qa7 26. a6 1/2-1/2

[Event "Lloyds Bank Masters 14th"]
[Site "London"]
[Date "1990.08.21"]
[Round "4"]
[White "Howell, James C"]
[Black "Hodgson, Julian M"]
[Result "1/2-1/2"]
[WhiteElo "2415"]
[BlackElo "2555"]
[PlyCount "112"]
[EventDate "1990.08.18"]
[EventType "swiss"]
[EventRounds "10"]
[EventCountry "ENG"]
[SourceTitle "BritBase"]
[Source "John Saunders"]
[SourceDate "2023.05.21"]
[SourceVersion "1"]
[SourceVersionDate "2023.05.21"]
[SourceQuality "1"]

1. e4 c6 2. d4 d5 3. Nd2 dxe4 4. Nxe4 Nd7 5. Nf3 Ngf6 6. Nxf6+ Nxf6 7. Ne5 Nd7
8. Nd3 e6 9. Be3 Bd6 10. g3 Qa5+ 11. c3 Qd5 12. Rg1 O-O 13. Bg2 Qf5 14. Qe2 e5
15. dxe5 Nxe5 16. O-O-O Be6 17. Nxe5 Bxe5 18. Qc2 Qh5 19. h3 Bf6 20. Bd4 Be7
21. Rge1 Qa5 22. b3 Rfe8 23. Kb1 Rad8 24. g4 c5 25. Be5 Rxd1+ 26. Qxd1 Rd8 27.
Qc2 c4 28. Re2 Qa3 29. b4 a5 30. b5 Bd5 31. f4 Bxg2 32. Rxg2 Rd5 33. Ka1 Rxb5
34. g5 Qc5 35. Rd2 Qe3 36. h4 a4 37. Qd1 Rxe5 38. fxe5 Qxc3+ 39. Kb1 Qxe5 40.
Rd8+ Bf8 41. Qxa4 Qc5 42. Qe8 b5 43. Rb8 Qb4+ 44. Kc2 Qa4+ 45. Kb1 Qd1+ 46. Kb2
Qd6 47. Qxb5 Qd2+ 48. Kb1 c3 49. Qb3 g6 50. Rc8 Qd3+ 51. Ka1 Qf1+ 52. Qb1 Qh3
53. Rxf8+ Kxf8 54. Qb8+ Ke7 55. Qe5+ Kd7 56. Qd5+ Ke7 1/2-1/2

[Event "Lloyds Bank Masters 14th"]
[Site "London"]
[Date "1990.08.21"]
[Round "4"]
[White "Kinsman, Andrew PH"]
[Black "Yeo, Michael J"]
[Result "1/2-1/2"]
[WhiteElo "2305"]
[BlackElo "2230"]
[PlyCount "108"]
[EventDate "1990.08.18"]
[EventType "swiss"]
[EventRounds "10"]
[EventCountry "ENG"]
[SourceTitle "BritBase"]
[Source "John Saunders"]
[SourceDate "2023.05.21"]
[SourceVersion "1"]
[SourceVersionDate "2023.05.21"]
[SourceQuality "1"]

1. d4 d5 2. Nf3 Nc6 3. Bf4 Bg4 4. e3 e6 5. Be2 Bd6 6. Bg3 Nf6 7. Nbd2 O-O 8.
O-O Qe7 9. c4 Rad8 10. Rc1 Bxg3 11. hxg3 Ne4 12. cxd5 exd5 13. Nxe4 dxe4 14.
Nd2 Bxe2 15. Qxe2 Rd5 16. Rc3 Re8 17. Rfc1 Qd6 18. a3 Qh6 19. Rc5 Ne7 20. Nxe4
c6 21. Qf3 f5 22. Rxd5 Nxd5 23. Nd2 g6 24. Nc4 Nf6 25. Ne5 Rd8 26. Qd1 Qg7 27.
b4 a6 28. Qb3+ Rd5 29. Rc5 Kf8 30. a4 Qe7 31. Rxd5 Nxd5 32. Nd3 Kg7 33. Nc5 Nf6
34. b5 axb5 35. axb5 Ne4 36. Ne6+ Kh6 37. bxc6 bxc6 38. Nf4 Qa7 39. Qb2 Qa4 40.
Kh2 Nf6 41. f3 Nd5 42. Qb8 Qb4 43. Qe5 Qb7 44. Ne6 Qe7 45. Kg1 g5 46. g4 fxg4
47. fxg4 Kg6 48. e4 Ne3 49. d5 Qf6 50. Qg3 Qa1+ 51. Kf2 Nd1+ 52. Kg1 Ne3+ 53.
Kf2 Nd1+ 54. Kg1 Ne3+ 1/2-1/2

[Event "Lloyds Bank Masters 14th"]
[Site "London"]
[Date "1990.08.21"]
[Round "4"]
[White "Law, Andrew P"]
[Black "Fedorowicz, John P"]
[Result "1/2-1/2"]
[WhiteElo "2335"]
[BlackElo "2565"]
[PlyCount "61"]
[EventDate "1990.08.18"]
[EventType "swiss"]
[EventRounds "10"]
[EventCountry "ENG"]
[SourceTitle "BritBase"]
[Source "John Saunders"]
[SourceDate "2023.05.21"]
[SourceVersion "1"]
[SourceVersionDate "2023.05.21"]
[SourceQuality "1"]

1. d4 Nf6 2. Nf3 g6 3. c4 Bg7 4. Nc3 O-O 5. Bf4 c5 6. d5 d6 7. e3 Nh5 8. Bg5 h6
9. Bh4 Qb6 10. Rb1 e5 11. dxe6 Bxe6 12. Bd3 Nd7 13. O-O Nhf6 14. Be2 Qc6 15.
Nd2 a6 16. Bf3 Qc7 17. b3 Rad8 18. Rc1 Qb8 19. Nde4 g5 20. Bg3 Nxe4 21. Bxe4
Nf6 22. Bb1 Qc8 23. f4 Rfe8 24. fxg5 hxg5 25. Qd3 b5 26. Rxf6 Bxf6 27. Ne4 Bg7
28. Nxd6 Qc6 29. Qh7+ Kf8 30. Nxe8 Qxe8 31. Qe4 1/2-1/2

[Event "Lloyds Bank Masters 14th"]
[Site "London"]
[Date "1990.08.21"]
[Round "4"]
[White "Lev, Ronen"]
[Black "Burgess, Graham"]
[Result "1/2-1/2"]
[WhiteElo "2480"]
[BlackElo "2335"]
[PlyCount "154"]
[EventDate "1990.08.18"]
[EventType "swiss"]
[EventRounds "10"]
[EventCountry "ENG"]
[SourceTitle "BritBase"]
[Source "John Saunders"]
[SourceDate "2023.05.21"]
[SourceVersion "1"]
[SourceVersionDate "2023.05.21"]
[SourceQuality "1"]

1. d4 Nf6 2. c4 g6 3. Nc3 Bg7 4. e4 d6 5. Be2 O-O 6. Nf3 e5 7. Be3 exd4 8. Nxd4
Re8 9. f3 c6 10. Qd2 d5 11. exd5 cxd5 12. O-O Nc6 13. c5 Nh5 14. Bf2 Be5 15. g3
Ng7 16. Rfe1 Ne6 17. Ndb5 Ng5 18. Qxd5 Nh3+ 19. Kg2 Nxf2 20. Kxf2 a6 21. f4
Qxd5 22. Nxd5 Bxb2 23. Rab1 Bg7 24. Nbc7 Bd4+ 25. Kg2 Bf5 26. Rxb7 Be4+ 27. Kf1
Reb8 28. Rb6 Rxb6 29. cxb6 Rd8 30. Bc4 Bxd5 31. Nxd5 Na5 32. b7 Nxb7 33. Rd1
Bb6 34. Bxa6 Nc5 35. Bb5 Ne4 36. a4 Ba5 37. Ne7+ Kf8 38. Rxd8+ Bxd8 39. Nc6 Bc7
40. Ke2 Nd6 41. Kd3 Bb6 42. g4 f5 43. g5 Kg7 44. Nd4 h6 45. h4 Ba5 46. Nf3 Bb6
47. Bc6 Kh7 48. Nd4 Ba5 49. Nf3 Bb6 50. Bd7 Kg7 51. Nd4 Kh7 52. Nb3 Nb7 53. Bc8
Nd6 54. Bd7 Nb7 55. Bc6 Na5 56. Bd5 Nxb3 57. Bxb3 Ba5 58. Ke2 Kg7 59. Bd5 Kh7
60. Bc6 Kg7 61. Be8 Bb4 62. Kd3 Ba5 63. Kd4 Bc7 64. Kd5 Bxf4 65. a5 hxg5 66. a6
Be3 67. hxg5 Bg1 68. Kc6 Be3 69. Kb7 f4 70. a7 Bxa7 71. Kxa7 f3 72. Kb6 f2 73.
Bb5 Kf7 74. Bc4+ Ke7 75. Kc5 f1=Q 76. Bxf1 Ke6 77. Bd3 Ke5 1/2-1/2

[Event "Lloyds Bank Masters 14th"]
[Site "London"]
[Date "1990.08.21"]
[Round "4"]
[White "Morris, Philip"]
[Black "Sturua, Zurab"]
[Result "0-1"]
[WhiteElo "2380"]
[BlackElo "2470"]
[PlyCount "136"]
[EventDate "1990.08.18"]
[EventType "swiss"]
[EventRounds "10"]
[EventCountry "ENG"]
[SourceTitle "BritBase"]
[Source "John Saunders"]
[SourceDate "2023.05.21"]
[SourceVersion "1"]
[SourceVersionDate "2023.05.21"]
[SourceQuality "1"]

1. e4 c6 2. d4 d5 3. Nd2 g6 4. e5 Nh6 5. Ngf3 Bg7 6. Be2 f6 7. exf6 exf6 8. Nb3
O-O 9. O-O Kh8 10. Nc5 Nf7 11. h3 Nd6 12. Bf4 b6 13. Nd3 Na6 14. Nd2 Nc7 15. c3
Ne6 16. Bh2 Ng5 17. Nb4 Bb7 18. Ba6 Bxa6 19. Nxa6 Qd7 20. Qg4 Ne6 21. Qg3 Rad8
22. Qxd6 Qxd6 23. Bxd6 Rxd6 24. Rfe1 c5 25. Nf3 Rc8 26. Re2 Kg8 27. Rae1 Kf7
28. g3 g5 29. Kg2 h5 30. Kg1 Bf8 31. Rd1 Rdc6 32. Kg2 Rd8 33. b4 cxb4 34. cxb4
Rc4 35. a3 Rdc8 36. Red2 Rc3 37. Rd3 Bd6 38. Ng1 Rxd3 39. Rxd3 Rc2 40. Kf1 Rc1+
41. Kg2 Rc2 42. Kf1 h4 43. Ne2 g4 44. hxg4 h3 45. Nc3 h2 46. Kg2 Rxf2+ 47. Kh1
Ng5 48. Nb5 Ke6 49. Nac7+ Bxc7 50. Nxc7+ Kd6 51. Nb5+ Kd7 52. Nxa7 Nf7 53. Nb5
Nh6 54. Rd1 Nxg4 55. Ra1 Rc2 56. a4 Rb2 57. Nc3 Nf2+ 58. Kxh2 Ne4+ 59. Kh3 Nxc3
60. a5 Kc7 61. Rc1 Rb3 62. axb6+ Kxb6 63. Kg4 Ne2 64. Rc5 Rxg3+ 65. Kf5 Rf3+
66. Ke6 Nf4+ 67. Kf7 Rd3 68. Kxf6 Rxd4 0-1

[Event "Lloyds Bank Masters 14th"]
[Site "London"]
[Date "1990.08.21"]
[Round "4"]
[White "Naumkin, Igor"]
[Black "Kumaran, Dharshan"]
[Result "1/2-1/2"]
[WhiteElo "2445"]
[BlackElo "2245"]
[PlyCount "63"]
[EventDate "1990.08.18"]
[EventType "swiss"]
[EventRounds "10"]
[EventCountry "ENG"]
[SourceTitle "BritBase"]
[Source "John Saunders"]
[SourceDate "2023.05.21"]
[SourceVersion "1"]
[SourceVersionDate "2023.05.21"]
[SourceQuality "1"]

1. d4 Nf6 2. c4 c5 3. d5 b5 4. cxb5 a6 5. bxa6 g6 6. Nc3 Bxa6 7. Nf3 d6 8. e4
Bxf1 9. Kxf1 Bg7 10. g3 O-O 11. Kg2 Nbd7 12. h3 Ra7 13. Re1 Qa8 14. Bf4 Nb6 15.
Qc2 Na4 16. Nxa4 Rxa4 17. a3 Rb8 18. Rad1 Ra6 19. Bd2 Nd7 20. Bc3 Bxc3 21. Qxc3
Rab6 22. Rd2 Rb3 23. Qc1 Qb7 24. Ree2 f6 25. h4 h5 26. Rc2 Kg7 27. Qf4 Rh8 28.
g4 Ne5 29. Nxe5 dxe5 30. Qd2 hxg4 31. Rxc5 Rh3 32. d6 1/2-1/2

[Event "Lloyds Bank Masters 14th"]
[Site "London"]
[Date "1990.08.21"]
[Round "4"]
[White "Pein, Malcolm"]
[Black "Holland, Christopher KD"]
[Result "1-0"]
[WhiteElo "2420"]
[BlackElo "2285"]
[PlyCount "123"]
[EventDate "1990.08.18"]
[EventType "swiss"]
[EventRounds "10"]
[EventCountry "ENG"]
[SourceTitle "BritBase"]
[Source "John Saunders"]
[SourceDate "2023.05.21"]
[SourceVersion "1"]
[SourceVersionDate "2023.05.21"]
[SourceQuality "1"]

1. d4 Nf6 2. c4 e6 3. Nc3 d5 4. Nf3 c6 5. Bg5 dxc4 6. e4 b5 7. e5 h6 8. Bh4 g5
9. exf6 gxh4 10. Ne5 Qxf6 11. Be2 Bb7 12. Bf3 a6 13. a4 Bd6 14. axb5 axb5 15.
Rxa8 Bxa8 16. O-O Bxe5 17. dxe5 Qxe5 18. Re1 Qc7 19. Qd4 Rf8 20. Ne4 Nd7 21.
Nd6+ Ke7 22. Qxh4+ f6 23. Nf5+ Kd8 24. Rxe6 Re8 25. Ng7 Rh8 26. Rxf6 Kc8 27.
Rf7 Qe5 28. Re7 Qxb2 29. g3 Rf8 30. Qg4 Qd2 31. Qe4 Nc5 32. Bg4+ Kd8 33. Qe3
Qxe3 34. Rxe3 Rf7 35. Nf5 Rd7 36. Nxh6 Rd4 37. Bh5 Kc7 38. Nf5 Rd3 39. Re7+ Kb6
40. Ne3 c3 41. Bg6 Rd2 42. h4 Bb7 43. h5 Rd6 44. Bf5 Ba6 45. Nc2 Ka5 46. Re5
Nd7 47. Re6 Rd1+ 48. Re1 Rxe1+ 49. Nxe1 Nf8 50. g4 b4 51. g5 b3 52. g6 Bc4 53.
h6 Bg8 54. h7 Nxh7 55. gxh7 Bxh7 56. Bxh7 Kb4 57. Kf1 Kc5 58. Ke2 Kd4 59. Nf3+
Kc5 60. Ne1 Kd4 61. f4 c5 62. Nc2+ 1-0

[Event "Lloyds Bank Masters 14th"]
[Site "London"]
[Date "1990.08.21"]
[Round "4"]
[White "Rashkovsky, Nukhim N"]
[Black "Arkell, Keith C"]
[Result "1-0"]
[WhiteElo "2530"]
[BlackElo "2430"]
[PlyCount "97"]
[EventDate "1990.08.18"]
[EventType "swiss"]
[EventRounds "10"]
[EventCountry "ENG"]
[SourceTitle "BritBase"]
[Source "John Saunders"]
[SourceDate "2023.05.21"]
[SourceVersion "1"]
[SourceVersionDate "2023.05.21"]
[SourceQuality "1"]

1. Nf3 Nf6 2. d4 e6 3. c4 Bb4+ 4. Bd2 Qe7 5. g3 Nc6 6. Nc3 Bxc3 7. Bxc3 Ne4 8.
Rc1 d6 9. d5 Nxc3 10. Rxc3 Nb8 11. Bg2 e5 12. O-O O-O 13. e4 Bg4 14. b4 a5 15.
a3 Na6 16. Rb3 axb4 17. axb4 c6 18. dxc6 bxc6 19. Qd2 Bxf3 20. Bxf3 Rab8 21.
Rfb1 Rb6 22. Rd3 c5 23. b5 Nb4 24. Ra3 Nc6 25. Qd5 Nd4 26. Bd1 Ne6 27. Rba1 Nc7
28. Qd2 g6 29. Ra7 Rfb8 30. Bg4 Qd8 31. h4 h5 32. Bh3 Kg7 33. R1a3 R8b7 34. Qa5
Qb8 35. Rxb7 Rxb7 36. Bd7 Kf8 37. Bc6 Rb6 38. Qd2 Qd8 39. Ra7 Kg7 40. Qa5 Qb8
41. Qa1 Kg8 42. Ra3 Qd8 43. Rd3 Ne6 44. Qa7 Rb8 45. Rf3 Qc7 46. Qxc7 Nxc7 47.
Rd3 Rd8 48. Ra3 Rb8 49. Ra7 1-0

[Event "Lloyds Bank Masters 14th"]
[Site "London"]
[Date "1990.08.21"]
[Round "4"]
[White "Sadler, Matthew D"]
[Black "Sakhatova, Gulnar->Sachs"]
[Result "1/2-1/2"]
[WhiteElo "2470"]
[BlackElo "2315"]
[PlyCount "120"]
[EventDate "1990.08.18"]
[EventType "swiss"]
[EventRounds "10"]
[EventCountry "ENG"]
[SourceTitle "BritBase"]
[Source "John Saunders"]
[SourceDate "2023.05.21"]
[SourceVersion "1"]
[SourceVersionDate "2023.05.21"]
[SourceQuality "1"]

1. d4 Nf6 2. c4 e6 3. Nc3 Bb4 4. e3 O-O 5. Bd3 d5 6. a3 Be7 7. Nf3 b6 8. O-O
Bb7 9. Qe2 Nbd7 10. b3 c5 11. Bb2 Rc8 12. Rfd1 Bd6 13. cxd5 Nxd5 14. Ne4 Bb8
15. Ba6 Bxa6 16. Qxa6 cxd4 17. Bxd4 f5 18. Ng3 Qe7 19. b4 N7f6 20. Rac1 Rcd8
21. Be5 Nd7 22. Bxb8 Nxb8 23. Qc4 Rd6 24. Nd4 Qf7 25. e4 f4 26. Ngf5 exf5 27.
Nxf5 Rd7 28. Rxd5 h6 29. Rxd7 Nxd7 30. Ne7+ Kh7 31. Qxf7 Rxf7 32. Nd5 Ne5 33.
f3 g5 34. Kf1 h5 35. Ke2 g4 36. Rc7 Rxc7 37. Nxc7 Kg6 38. Ne6 gxf3+ 39. gxf3
Nc4 40. a4 a5 41. bxa5 bxa5 42. Nxf4+ Kg5 43. Ne6+ Kf6 44. Nc5 Ke5 45. Kd3 Nb6
46. Kc3 Kf4 47. Kd4 Kxf3 48. e5 Kg2 49. e6 Nc8 50. Ke5 Kxh2 51. Ne4 Ne7 52. Kf6
Nc6 53. Ng5 Kg3 54. Nf7 h4 55. Nd8 Nb4 56. Ke5 h3 57. e7 h2 58. e8=Q h1=Q 59.
Qg6+ Kf2 60. Qb6+ Ke2 1/2-1/2

[Event "Lloyds Bank Masters 14th"]
[Site "London"]
[Date "1990.08.21"]
[Round "4"]
[White "Shabtai, Ran"]
[Black "Sher, Miron N"]
[Result "0-1"]
[WhiteElo "2295"]
[BlackElo "2485"]
[PlyCount "98"]
[EventDate "1990.08.18"]
[EventType "swiss"]
[EventRounds "10"]
[EventCountry "ENG"]
[SourceTitle "BritBase"]
[Source "John Saunders"]
[SourceDate "2023.05.21"]
[SourceVersion "1"]
[SourceVersionDate "2023.05.21"]
[SourceQuality "1"]

1. d4 e6 2. c4 c5 3. Nf3 cxd4 4. Nxd4 Nf6 5. g3 Qc7 6. Bg2 Bb4+ 7. Nc3 Qxc4 8.
O-O O-O 9. Bg5 Bxc3 10. Bxf6 gxf6 11. bxc3 Nc6 12. Qd2 Qc5 13. Rab1 a6 14. Nxc6
dxc6 15. Rb4 Qg5 16. Qd6 a5 17. h4 Qg6 18. Rf4 Kg7 19. h5 Qh6 20. Rh4 Re8 21.
f4 Kg8 22. Rd1 e5 23. e4 exf4 24. gxf4 Kh8 25. f5 Rg8 26. Qf4 Qg7 27. Rd2 h6
28. Kf2 Qxg2+ 29. Ke3 Qg1+ 30. Kd3 Kh7 31. Kc2 Qa1 32. Rg4 Qxa2+ 33. Kc1 Qa1+
34. Kc2 Qa4+ 35. Kc1 Rg5 36. Rxg5 hxg5 37. Qc7 Qa1+ 38. Kc2 Qa2+ 39. Kc1 Qb3
40. Rd8 Bxf5 41. Rxa8 Qxc3+ 42. Kb1 Bxe4+ 43. Ka2 Qc2+ 44. Ka3 Qc3+ 45. Ka2
Bd5+ 46. Kb1 Qd3+ 47. Kc1 Qe3+ 48. Kc2 Qe2+ 49. Kc3 Qe5+ 0-1